000 01145nam a2200337 i 4500
003 EG-ScBUE
005 20240701105303.0
008 160523s2006 alu f b 001 0 eng d
020 _a9780817353384
020 _a0817353380
040 _aEG-ScBUE
_beng
_erda
_cEG-ScBUE
_dEG-ScBUE
043 _an-us---
082 0 4 _222
_a973.931
_bIVI
100 1 _940074
_aIvie, Robert L.,
_eauthor.
245 1 0 _aDemocracy and America's war on terror /
_cRobert L. Ivie.
250 _aFirst edition.
264 1 _aTuscaloosa :
_bUniversity of Alabama Press,
_c2006.
300 _axi, 251 pages :
_c23 cm.
336 _2rdacontent
_atext
_btxt
337 _aunmediated
_2rdamedia
_bn
338 _avolume
_bnc
_2rdacarrier
490 0 _aRhetoric, culture, and social critique
504 _aIncludes bibliographical references and index.
650 7 _2BUEsh
_aRhetoric
_xPolitical aspects
_zUnited States
_xHistory
_y21st century.
650 7 _aEnglish language
_zUnited States
_xRhetoric.
_2BUEsh
650 7 _aWar on Terrorism, 2001-2009.
_2BUEsh
_922777
651 _2BUEsh
653 _bBUSBOL
_cMay2016
655 _vReading book
942 _2ddc
_cBB
999 _c21804
_d21776